Imperialismo y comercio internacional (Record no. 82570)

MARC details
000 -LEADER
campo de control de longitud fija 00510nam a2200169 i 4500
001 - NÚMERO DE CONTROL
campo de control 82570
003 - IDENTIFICADOR DE NÚMERO DE CONTROL
campo de control ES-MaACL
005 - FECHA Y HORA DE LA ÚLTIMA TRANSACCIÓN
campo de control 20230906174710.0
007 - CAMPO FIJO DE DESCRIPCIÓN FÍSICA--INFORMACIÓN GENERAL
campo de control de longitud fija t|
008 - DATOS DE LONGITUD FIJA--INFORMACIÓN GENERAL
campo de control de longitud fija 041111s1977 sp ||||1| spa d
245 00 - MENCIÓN DEL TÍTULO
Título Imperialismo y comercio internacional
Resto del título : (intercambio desigual) /
Mención de responsabilidad, etc. por Arghiri Emmanuel... [et al.].
250 ## - MENCION DE EDICION
Mención de edición [4ª ed.].
260 ## - PUBLICACIÓN, DISTRIBUCIÓN, ETC.
Lugar de publicación, distribución, etc. [Madrid] :
Nombre del editor, distribuidor, etc. Siglo Veintiuno,
Fecha de publicación, distribución, etc. [1977]
300 ## - DESCRIPCIÓN FÍSICA
Extensión 249 p. ;
Dimensiones 18 cm.
700 1# - ENTRADA AGREGADA--NOMBRE PERSONAL
Nombre de persona Emmanuel, Arghiri.
9 (RLIN) 47154
852 ## - LOCALIZACIÓN
Ubicación ES-MaACL
Número de control de estantería A-7007
Sublocalización o colección R.95928
Holdings
Estatus retirado Estado de pérdida Estado de daño No para préstamo Biblioteca de origen Biblioteca actual Ubicación en estantería Fecha de adquisición Fuente de adquisición Total de préstamos Signatura topográfica completa Código de barras Visto por última vez Precio de reemplazo Tipo de ítem Koha
        Biblioteca del Ateneo de Madrid Biblioteca del Ateneo de Madrid Sala Pecera Planta 1 17/01/2008     A-7007 1086295 23/02/2023 23/02/2023 Libro impreso